<?xml version="1.0" encoding="UTF-8"?>
<record
    xmlns:xsi="http://www.w3.org/2001/XMLSchema-instance"
    xsi:schemaLocation="http://www.loc.gov/MARC21/slim http://www.loc.gov/standards/marcxml/schema/MARC21slim.xsd"
    xmlns="http://www.loc.gov/MARC21/slim">

  <leader>01174nam a22002657a 4500</leader>
  <controlfield tag="005">20170124103134.0</controlfield>
  <datafield tag="010" ind1=" " ind2=" ">
    <subfield code="a">B-040893</subfield>
  </datafield>
  <datafield tag="020" ind1=" " ind2=" ">
    <subfield code="c">300.00</subfield>
  </datafield>
  <datafield tag="035" ind1=" " ind2=" ">
    <subfield code="a">B-040893</subfield>
  </datafield>
  <datafield tag="037" ind1=" " ind2=" ">
    <subfield code="b">Cen Lib/Ret</subfield>
  </datafield>
  <datafield tag="040" ind1=" " ind2=" ">
    <subfield code="a">DPL</subfield>
    <subfield code="b">HN</subfield>
  </datafield>
  <datafield tag="082" ind1=" " ind2=" ">
    <subfield code="a">363.73</subfield>
    <subfield code="b">&#x917;&#x94B;&#x92F;&#x932; </subfield>
  </datafield>
  <datafield tag="100" ind1=" " ind2=" ">
    <subfield code="a">&#x917;&#x94B;&#x92F;&#x932;, &#x92E;&#x926;&#x928; &#x92E;&#x94B;&#x939;&#x928; </subfield>
    <subfield code="9">4584</subfield>
  </datafield>
  <datafield tag="245" ind1=" " ind2=" ">
    <subfield code="a">&#x92A;&#x930;&#x94D;&#x92F;&#x93E;&#x935;&#x930;&#x923; &#x936;&#x93F;&#x915;&#x94D;&#x937;&#x93E; /</subfield>
    <subfield code="c">&#x92E;&#x926;&#x928; &#x92E;&#x94B;&#x939;&#x928; &#x917;&#x94B;&#x92F;&#x932;</subfield>
  </datafield>
  <datafield tag="246" ind1=" " ind2=" ">
    <subfield code="a">Paryavaran shiksha /</subfield>
    <subfield code="b">by Madan Mohan Goyal </subfield>
  </datafield>
  <datafield tag="260" ind1=" " ind2=" ">
    <subfield code="b">&#x905;&#x928;&#x941;&#x92A;&#x94D;&#x930;&#x93F;&#x92F;&#x93E; &#x92A;&#x92C;&#x94D;&#x932;&#x93F;&#x936;&#x93F;&#x902;&#x917; &#x939;&#x93E;&#x909;&#x938; </subfield>
    <subfield code="c">2000</subfield>
    <subfield code="a">&#x91C;&#x92F;&#x92A;&#x941;&#x930; </subfield>
  </datafield>
  <datafield tag="270" ind1=" " ind2=" ">
    <subfield code="a">&#x938;&#x940;-263, &#x939;&#x902;&#x938; &#x92E;&#x93E;&#x930;&#x94D;&#x917;, &#x92E;&#x93E;&#x932;&#x935;&#x940;&#x92F; &#x928;&#x917;&#x930; </subfield>
    <subfield code="b">&#x91C;&#x92F;&#x92A;&#x941;&#x930; </subfield>
    <subfield code="e">302017</subfield>
  </datafield>
  <datafield tag="300" ind1=" " ind2=" ">
    <subfield code="a">275&#x92A;&#x943;. </subfield>
    <subfield code="c">20&#x938;&#x947;&#x92E;&#x940;(&#x938;&#x91C;&#x93F;&#x932;&#x94D;&#x926;)</subfield>
  </datafield>
  <datafield tag="500" ind1=" " ind2=" ">
    <subfield code="a">&#x938;&#x902;&#x926;&#x930;&#x94D;&#x92D; &#x936;&#x93E;&#x92E;&#x93F;&#x932;   </subfield>
  </datafield>
  <datafield tag="650" ind1=" " ind2=" ">
    <subfield code="a">&#x92A;&#x930;&#x94D;&#x92F;&#x93E;&#x935;&#x930;&#x923; -- &#x938;&#x92E;&#x938;&#x94D;&#x92F;&#x93E; &#x90F;&#x935;&#x902; &#x938;&#x92E;&#x93E;&#x927;&#x93E;&#x928; </subfield>
    <subfield code="9">84293</subfield>
  </datafield>
  <datafield tag="650" ind1=" " ind2=" ">
    <subfield code="a">&#x92D;&#x93E;&#x930;&#x924;&#x940;&#x92F; -- &#x935;&#x928; &#x914;&#x930; &#x92A;&#x930;&#x94D;&#x92F;&#x93E;&#x935;&#x930;&#x923; </subfield>
    <subfield code="9">84882</subfield>
  </datafield>
  <datafield tag="650" ind1=" " ind2=" ">
    <subfield code="a">Environment - Problems and Solutions</subfield>
    <subfield code="9">84883</subfield>
  </datafield>
  <datafield tag="650" ind1=" " ind2=" ">
    <subfield code="a">India - Forest and Environment</subfield>
    <subfield code="9">84884</subfield>
  </datafield>
  <datafield tag="942" ind1=" " ind2=" ">
    <subfield code="2">ddc</subfield>
    <subfield code="c">HN</subfield>
    <subfield code="h">363.73</subfield>
    <subfield code="m">&#x917;&#x94B;&#x92F;&#x932; </subfield>
  </datafield>
  <datafield tag="999" ind1=" " ind2=" ">
    <subfield code="c">119435</subfield>
    <subfield code="d">119435</subfield>
  </datafield>
  <datafield tag="952" ind1=" " ind2=" ">
    <subfield code="0">0</subfield>
    <subfield code="1">0</subfield>
    <subfield code="4">0</subfield>
    <subfield code="7">0</subfield>
    <subfield code="a">L</subfield>
    <subfield code="b">L</subfield>
    <subfield code="d">2015-09-17</subfield>
    <subfield code="e">Cen Lib/Ret</subfield>
    <subfield code="g">300.00</subfield>
    <subfield code="l">0</subfield>
    <subfield code="o">363.73 &#x917;&#x94B;&#x92F;&#x932;</subfield>
    <subfield code="p">B-040893</subfield>
    <subfield code="r">2015-09-17 00:00:00</subfield>
    <subfield code="t">1</subfield>
    <subfield code="v">300.00</subfield>
    <subfield code="w">2015-09-17</subfield>
    <subfield code="y">HN</subfield>
  </datafield>
</record>
